An introduction to Jung's psychology / (Record no. 31591)
[ view plain ]
| 000 -LEADER | |
|---|---|
| fixed length control field | 00931cam a2200301 a 4500 |
| 001 - CONTROL NUMBER | |
| control field | 31591 |
| 003 - CONTROL NUMBER IDENTIFIER | |
| rucl marc code | BD-RjUL |
| 005 - DATE AND TIME OF LATEST TRANSACTION | |
| control field | 20211209051726.0 |
| 008 - FIXED-LENGTH DATA ELEMENTS--GENERAL INFORMATION | |
| fixed length control field | 140420r19561953enk b 001 0 eng d |
| 035 ## - SYSTEM CONTROL NUMBER | |
| System control number | (BD-RjUL)31679 |
| 040 ## - CATALOGING SOURCE | |
| Original cataloging agency | VCAV |
| Language of cataloging | eng |
| Transcribing agency | VCAV |
| Modifying agency | BD-RjUL |
| 041 ## - LANGUAGE CODE | |
| Language code of text/sound track or separate title | eng |
| 082 04 - DEWEY DECIMAL CLASSIFICATION NUMBER | |
| Classification number | 150.1954 |
| Edition number | 19 |
| Author mark and year | FOI 1956 |
| 100 1# - MAIN ENTRY--PERSONAL NAME | |
| Personal name | Fordham, Frieda. |
| 9 (RLIN) | 96132 |
| 245 13 - TITLE STATEMENT | |
| Title | An introduction to Jung's psychology / |
| Statement of responsibility, etc. | Freida Fordham. |
| 260 ## - PUBLICATION, DISTRIBUTION, ETC. (IMPRINT) | |
| Place of publication, distribution, etc. | London : |
| Name of publisher, distributor, etc. | Penguin, |
| Date of publication, distribution, etc. | 1953 [Reprinted 1953]. |
| 300 ## - PHYSICAL DESCRIPTION | |
| Pagination | 127 p ; |
| Size | 18 cm. |
| 490 1# - SERIES STATEMENT | |
| Series statement | A Penguin psychology |
| Series statement | Pelican books ; |
| Volume/sequential designation | A273 |
| 504 ## - BIBLIOGRAPHY, ETC. NOTE | |
| Bibliography, etc | Includes bibliographical references (p.124-[125]) and index. |
| 600 10 - SUBJECT ADDED ENTRY--PERSONAL NAME | |
| Personal name | Jung, C. G. |
| Fuller form of name | (Carl Gustav), |
| Dates associated with a name | 1875-1961. |
| 650 #0 - SUBJECT ADDED ENTRY--TOPICAL TERM | |
| Topical term or geographic name as entry element | Psychoanalysis. |
| 9 (RLIN) | 96139 |
| 830 #0 - SERIES ADDED ENTRY--UNIFORM TITLE | |
| Volume number/sequential designation | A273. |
| Uniform title | Pelican book ; |
| Uniform title | Pelican psychology series. |
| 942 ## - ADDED ENTRY ELEMENTS (KOHA) | |
| Source of classification or shelving scheme | Dewey Decimal Classification |
| Koha item type | Books |
| Lost status | Source of classification or shelving scheme | Damaged status | Not for loan | Collection code | Permanent Location | Current Location | Shelving location | Date acquired | Source of acquisition | Cost, normal purchase price | Total Checkouts | Full call number | Date last seen | Date checked out | Copy number | Koha item type |
|---|---|---|---|---|---|---|---|---|---|---|---|---|---|---|---|---|
| Dewey Decimal Classification | Non-fiction | Central Library, University of Rajshahi | Central Library, University of Rajshahi | 25/01/1958 | B. H. Blackwell | 0.36 | 4 | 150.1954 FOI 1956 | 18/01/2024 | 11/01/2024 | C-2 | Books | ||||
| Dewey Decimal Classification | Not For Loan | Non-fiction | Central Library, University of Rajshahi | Central Library, University of Rajshahi | Reading Room | 21/08/1965 | N/A | 150.1954 FOI 1954 | 20/04/2014 | C-1 | Books |